Deutschlands größte Universitäten (10.000+) - Statistiken

Allgemein
  • Dieses Quiz wurde 465 mal gespielt
  • Das Durchschnittsergebnis liegt bei 45 aus 58
Antwortstatistiken
Universität Stadt / Städte Land Gründungsjahr(e) Anzahl Studierende % Korrekt
Freie Universität Berlin BE 1948 41.548
99%
Humboldt-Universität zu Berlin BE 1810 40.332
99%
Technische Universität Berlin BE 1879 34.224
99%
Universität Hamburg HH 1919 43.103
98%
Ludwig-Maximilians-Universität München BY 1472 51.007
98%
Technische Universität München BY 1868 47.751
98%
Johann Wolfgang Goethe-Universität, Frankfurt am Main HE 1914 43.461
96%
Universität zu Köln NW 1388/1919 52.130
96%
Technische Universität Dresden SN 1828 28.918
93%
Universität Duisburg-Essen NW 2003 41.421
92%
Heinrich-Heine-Universität Düsseldorf NW 1965 33.943
91%
Friedrich-Alexander-Universität Erlangen-Nürnberg BY 1743 39.658
91%
Gottfried Wilhelm Leibniz Universität Hannover NI 1831 28.935
91%
Universität Leipzig SN 1409 29.579
91%
Universität Stuttgart BW 1829 22.616
91%
Technische Universität Dortmund NW 1968 32.228
88%
Christian-Albrechts-Universität zu Kiel SH 1665 27.468
88%
Johannes Gutenberg-Universität Mainz RP 1477 30.564
88%
Rheinisch-Westfälische Technische Hochschule Aachen NW 1870 47.511
87%
Ruhr-Universität Bochum NW 1962 42.089
87%
Universität Bremen HB 1971 17.984
87%
Rheinische Friedrich-Wilhelms-Universität Bonn NW 1818 36.805
85%
Ruprecht-Karls-Universität Heidelberg BW 1386 28.448
85%
Westfälische Wilhelms-Universität Münster NW 1780 43.728
85%
Albert-Ludwigs-Universität Freiburg im Breisgau BW 1457 23.938
83%
Universität des Saarlandes Saarbrücken / Homburg SL 1948 16.117
83%
Institut für Technologie Karlsruhe BW 2009 21.850
82%
Universität Mannheim BW 1907 11.532
81%
Friedrich-Schiller-Universität Jena TH 1558 17.345
80%
Universität Rostock MV 1419 12.664
80%
Universität Augsburg BY 1970 19.975
79%
Universität Potsdam BB 1991 21.433
79%
Otto-von-Guericke-Universität Magdeburg ST 1993 13.143
77%
Universität Bielefeld NW 1969 24.488
75%
Universität Kassel HE 1971 23.552
74%
Georg-August-Universität Göttingen NI 1737 28.614
73%
FernUniversität in Hagen NW 1974 67.689
73%
Universität Regensburg BY 1962 20.699
71%
Martin-Luther-Universität Halle-Wittenberg ST 1502 20.758
70%
Universität Ulm BW 1967 10.164
70%
Carl von Ossietzky Universität Oldenburg NI 1973 15.635
68%
Technische Universität Carolo-Wilhelmina zu Braunschweig NI 1745 17.709
67%
Technische Universität Darmstadt HE 1877 24.969
67%
Rheinland-Pfälzische Technische Universität Kaiserslautern-Landau RP 2023 20.000
67%
Universität Osnabrück NI 1973 13.640
67%
Julius-Maximilians-Universität Würzburg BY 1402/1582 27.149
67%
Justus-Liebig-Universität Gießen HE 1607 27.184
65%
Philipps-Universität Marburg HE 1527 21.723
65%
Universität Trier RP 1970 11.490
65%
Eberhard Karls Universität Tübingen BW 1477 27.828
65%
Bergische Universität Wuppertal NW 1972 22.601
65%
Universität Paderborn NW 1972 19.106
62%
Universität Greifswald MV 1456 10.366
57%
Universität Passau BY 1973 11.846
55%
Otto-Friedrich-Universität Bamberg BY 1647 11.843
54%
Universität Bayreuth BY 1972 12.773
54%
Universität Konstanz BW 1966 10.939
51%
Universität Siegen NW 1972 17.807
47%
Keine übereinstimmenden Quizze gefunden
Verteilung der Resultate
Anzahl Personen mit jedem Resultat
Perzentil nach korrekt beantworteten Fragen
Ihre Resultats-Entwicklung
Sie haben dieses Quiz noch nicht gespielt